Grokking machine learning (Record no. 31617)
[ view plain ]
| 000 -LEADER | |
|---|---|
| fixed length control field | 00393nam a2200157Ia 4500 |
| 008 - FIXED-LENGTH DATA ELEMENTS--GENERAL INFORMATION | |
| fixed length control field | 250916s9999 xx 000 0 und d |
| 020 ## - INTERNATIONAL STANDARD BOOK NUMBER | |
| International Standard Book Number | 9781617295911 |
| 082 ## - DEWEY DECIMAL CLASSIFICATION NUMBER | |
| Classification number | 006.31 SER |
| 100 ## - MAIN ENTRY--PERSONAL NAME | |
| Personal name | Serrano, Luis G. |
| 245 #0 - TITLE STATEMENT | |
| Title | Grokking machine learning |
| 250 ## - EDITION STATEMENT | |
| Edition statement | 1st |
| 260 ## - PUBLICATION, DISTRIBUTION, ETC. | |
| Place of publication, distribution, etc. | New York: |
| Name of publisher, distributor, etc. | Manning Publications Co, |
| Date of publication, distribution, etc. | 2021 |
| 300 ## - PHYSICAL DESCRIPTION | |
| Extent | 489 p. |
| 600 ## - SUBJECT ADDED ENTRY--PERSONAL NAME | |
| Personal name | Computer Science |
| 942 ## - ADDED ENTRY ELEMENTS (KOHA) | |
| Koha item type | Books |
| Withdrawn status | Lost status | Damaged status | Not for loan | Collection | Home library | Current library | Date acquired | Source of acquisition | Cost, normal purchase price | Total checkouts | Total renewals | Full call number | Barcode | Date due | Date last seen | Date last checked out | Cost, replacement price | Price effective from | Koha item type |
|---|---|---|---|---|---|---|---|---|---|---|---|---|---|---|---|---|---|---|---|
| Computer Science | UITU Library | UITU Library | 07/31/2025 | Progressive International Agencies (Pvt) Limited | 15519.97 | 1 | 2 | 006.31 SER | Q15992 | 07/03/2026 | 05/18/2026 | 05/18/2026 | 19399.96 | 09/16/2025 | Books |

